The pursuit of curriculum schooling and the public interest
Αποθηκεύτηκε σε:
| Κύριος συγγραφέας: | |
|---|---|
| Μορφή: | Βιβλίο |
| Γλώσσα: | English |
| Δημοσίευση: |
Norwood, New Jersey :
Ablex,
1992
|
| Σειρά: | Issues in curriculum theory, policy and research
|
| Θέματα: | |
| Ετικέτες: |
Προσθήκη ετικέτας
Δεν υπάρχουν, Καταχωρήστε ετικέτα πρώτοι!
|
MARC
| LEADER | 00000nam a2200000 i 4500 | ||
|---|---|---|---|
| 001 | 1/95552 | ||
| 008 | 991207s1992 eng d | ||
| 020 | |a 1-56750-051-X | ||
| 035 | |l 10055365 | ||
| 040 | |a GR-MY-UA |b gre |e aacr | ||
| 041 | 0 | |a eng | |
| 082 | 0 | |a 375 | |
| 100 | 1 | |a Reid, William Arbuckle. | |
| 245 | 1 | 4 | |a The pursuit of curriculum schooling and the public interest / |c William A. reid |
| 260 | |a Norwood, New Jersey : |b Ablex, |c 1992 | ||
| 300 | |a 185 p. | ||
| 490 | 1 | |a Issues in curriculum theory, policy and research | |
| 650 | 0 | 0 | |a Education |x Curricula. |
| 830 | 0 | |a Issues in curriculum theory, policy and research | |
| 852 | |a INST |b RHODES |e 19991207 |h 375 REI |p 005400012362 |q 005400012362 |t BK |y 0 | ||
| 901 | |a BIBL4-1999-3 | ||
| 909 | |a Ρ |b 069193 | ||
| 922 | |a 4ΕΛΗ |b 199909 |c ΚΠΣ/154 |d GLORY BOOKS | ||
| 970 | |a ΚΟΥΛΑΚΙΟΤΗ |b ΛΙΤΣΑ |z 1999/12/07 | ||